[Event "10th Mumbai Mayors Cup 2017"]
[Site "Mumbai"]
[Date "2017.06.05"]
[Round "3"]
[White "Om Kharola"]
[Black "Vishwanath, Prasad"]
[Result "1/2-1/2"]
[WhiteElo "1794"]
[BlackElo "1974"]
[Annotator "NA"]
[PlyCount "90"]
[EventDate "2017.06.04"]
[EventType "swiss"]
[EventCountry "IND"]
[SourceTitle "playchess.com"]
[Source "ChessBase"]
[SourceQuality "1"]
[TimeControl "5400+30"]

1. e4 c5 2. Nf3 d6 3. d4 cxd4 4. Nxd4 Nf6 5. Nc3 a6 6. Be2 e5 7. Nb3 Be7 8. O-O Be6 9. Bg5 Nbd7 10. Qd2 b5 {B92: Sicilian Najdorf: 6 Be2} 11. a3 Bxb3 $146 ({Predecessor:} 11... O-O 12. Rad1 Rc8 13. f4 a5 14. Bxf6 Qb6+ 15. Kh1 Nxf6 16. f5 Bc4 17. h3 b4 18. axb4 axb4 {0-1 (38) Simon,J (2210)-Zagrebelny,S (2450) Hungary 1991}) 12. cxb3 Nc5 13. Bxf6 Bxf6 14. Rad1 Nxb3 15. Qxd6 Qxd6 16. Rxd6 Nd4 17. Bg4 h5 18. Bh3 O-O 19. Nd5 Bg5 20. g3 Rfd8 21. Rb6 Nf3+ 22. Kg2 Nd2 23. Re1 Nc4 24. Rb7 Nxb2 25. Nc7 $17 Nd3 26. Rb1 Nc5 27. Rb6 Ra7 28. Rc6 Nxe4 29. Nxa6 Raa8 30. Re1 Rd6 31. Rxd6 Nxd6 32. Nc7 Ra7 33. Nxb5 Nxb5 34. Rxe5 Nxa3 35. Rxg5 g6 36. Rc5 f5 37. Bxf5 gxf5 38. Rxf5 Rh7 39. Ra5 Nc4 40. Ra8+ Kg7 41. Ra7+ Kg6 42. Rxh7 Kxh7 43. g4 hxg4 44. Kg3 Ne5 45. Kf4 Nd3+ 1/2-1/2

[Event "10th Mumbai Mayors Cup 2017"]
[Site "Mumbai"]
[Date "2017.06.05"]
[Round "3"]
[White "Eesha Ajay Sarda"]
[Black "Wagh Suyog"]
[Result "0-1"]
[WhiteElo "1720"]
[BlackElo "2215"]
[Annotator "NA"]
[PlyCount "112"]
[EventDate "2017.06.04"]
[EventType "swiss"]
[EventCountry "IND"]
[SourceTitle "playchess.com"]
[Source "ChessBase"]
[SourceQuality "1"]
[TimeControl "5400+30"]

1. d4 Nf6 2. Nf3 d5 3. c4 e6 4. cxd5 exd5 5. Nc3 c6 6. Bg5 Be7 7. e3 Bf5 8. Bd3 Bxd3 9. Qxd3 O-O 10. O-O Nbd7 11. Rab1 a5 $11 12. Ne2 Ne4 13. Bxe7 Qxe7 14. Ng3 g6 15. Nd2 Nd6 16. f4 Rfe8 17. Rbe1 Nf6 18. f5 a4 19. Rf4 Rad8 20. Qc2 a3 21. b3 g5 22. Rf3 Nb5 23. Qd3 Qb4 24. Rff1 Qc3 25. Qxc3 Nxc3 26. Nf3 Nxa2 27. Ra1 Nc3 28. Rxa3 Nb5 29. Ra4 Rxe3 30. Nxg5 Rxb3 31. Re1 Kf8 32. Nf3 Rd3 33. Ne2 Re8 34. h3 Rde3 35. Kf2 Rxe2+ 36. Rxe2 Rxe2+ 37. Kxe2 Nc3+ 38. Kd3 Nxa4 39. g4 Nb6 40. Ne5 Nbd7 41. g5 Nxe5+ 42. dxe5 Ne4 43. h4 c5 44. Ke3 b5 45. Kd3 b4 46. Kc2 c4 47. e6 fxe6 48. fxe6 d4 49. Kc1 d3 50. Kd1 c3 51. Kc1 b3 52. e7+ Kxe7 53. h5 b2+ 54. Kb1 Nd2+ 55. Ka2 b1=Q+ 56. Ka3 Qb3# 0-1

[Event "10th Mumbai Mayors Cup 2017"]
[Site "Mumbai"]
[Date "2017.06.06"]
[Round "4"]
[White "Ghosh, Diptayan"]
[Black "Iniyan, P."]
[Result "1-0"]
[WhiteElo "2569"]
[BlackElo "2392"]
[Annotator "TA"]
[PlyCount "181"]
[EventDate "2017.06.04"]
[EventType "swiss"]
[EventCountry "IND"]
[SourceTitle "playchess.com"]
[Source "ChessBase"]
[SourceQuality "1"]

{[%evp 11,181,4,14,13,20,10,8,10,25,7,25,23,16,1,25,23,24,22,14,0,10,-15,0,-6,0,0,0,0,0,0,0,-7,-1,-28,0,0,0,0,33,37,62,62,81,30,28,24,30,30,35,26,33,23,23,23,23,18,26,24,38,35,43,60,92,88,134,114,146,66,70,74,124,37,40,36,39,29,113,55,96,77,97,63,59,52,53,54,83,56,92,81,109,68,114,100,167,169,170,167,288,294,342,393,356,313,297,181,168,107,163,77,366,366,456,456,460,460,460,0,449,449,445,445,391,362,543,535,663,662,663,0,460,460,458,454,676,676,657,643,676,670,676,669,662,662,662,662,662,0,662,654,669,669,654,589,29980,29981,29981,29979,29979,29979,29979,29977,29976,29977,29977,29978,29984,29985,29995,29996,29996,29997]} 1. Nf3 Nf6 2. g3 g6 3. Bg2 Bg7 4. O-O O-O 5. d4 d6 6. b3 a5 7. c4 {A49: 1 d4 Nf6 2 Nf3 g6 3 g3: Anti-King's Indian systems} (7. a4 e5 8. dxe5 dxe5 9. Bb2 e4 10. Qxd8 Rxd8 11. Nfd2 Bf5 12. Nc4 Nc6 13. Nba3 Nb4 14. Ne3 Nfd5 15. Bxg7 Nxe3 {½-½ (31) Levin,F (2528)-Maze,S (2617) Belgium 2017}) 7... e5 (7... a4 $5) 8. dxe5 dxe5 $146 ({Predecessor:} 8... Nfd7 9. Nc3 dxe5 10. Bg5 Qe8 11. Nd5 Na6 12. Be7 c6 13. Bxf8 Qxf8 14. Nc3 e4 15. Nxe4 Bxa1 16. Qxa1 {1-0 (60) Walkewitz,H (2054)-Schippan,B (2193) Berlin 2012}) 9. Ba3 {The position is equal.} (9. Nxe5 Nfd7 $17) 9... Re8 10. Qxd8 Rxd8 11. Nc3 Nc6 12. Rad1 {Black must now prevent Nxe5!} Bf5 13. Nh4 Be6 14. Bxc6 bxc6 15. Nf3 Re8 16. Ng5 Bf5 17. e4 Bg4 18. f3 Bc8 {aiming for ...h6.} 19. Kg2 $1 Nd7 20. Rf2 Bh6 {[%cal Bg7h6,Bh6f8,Bf8c5][%mdl 32]} 21. Bc1 Bf8 22. Be3 f6 (22... Bc5 $5 {[%cal Rc5e3]} 23. Bxc5 Nxc5 $11) 23. Nh3 {[%cal Bg5h3,Bh3f2,Bf2d3][%mdl 32]} Bc5 24. Re2 Bb4 25. Na4 Rb8 26. Nf2 Nb6 27. Nc5 ({White should play} 27. Nb2 $1 $16) 27... Bxc5 $11 28. Bxc5 a4 29. Be3 Be6 30. Nd3 axb3 31. axb3 Nd7 32. Rb2 $36 {[%mdl 2048] White fights for an advantage.} Rb7 33. Kf2 Kf7 34. Ke2 Reb8 35. Rdb1 g5 36. Kd2 Kg6 37. Kc3 f5 38. Ra1 $1 g4 39. fxg4 (39. Ra5 $16) 39... fxe4 $14 40. Nf2 Nf6 41. Ra6 (41. Ra5 $16) 41... Nxg4 42. Nxg4 Bxg4 43. Rxc6+ Kg7 (43... Kf5 $1 $11 {keeps the balance.}) 44. Bg5 (44. b4 $1 $16) 44... Re8 45. b4 Re6 46. Rxe6 Bxe6 $16 {[%mdl 4096] Endgame KRB-KRB} 47. Ra2 {Ra5 is the strong threat.} Kg6 48. Be3 Rb8 49. Ra6 Kf6 50. h4 $1 h5 51. b5 Kf5 52. Bg5 Rf8 (52... Rc8 $16 {was worth a try.}) 53. Rc6 $18 Rf7 54. Rc5 $1 Rd7 (54... Bc8 $142 55. Bd8 e3) 55. Bf4 $1 Kg4 56. Rxe5 (56. Bxe5 e3 $16) 56... Bf5 57. Kb4 Rf7 58. Kc5 Kf3 59. Kc6 (59. Kd4 $18) 59... Bg4 {[#]} (59... Bh3 $16 60. Kc5 (60. Rxh5 Bd7+ 61. Kb7 c6 $14) 60... Bf1) 60. c5 (60. Kb7 $1 $18 {has better winning chances.}) 60... Kf2 $2 {[%mdl 8192]} (60... Bd7+ $16 61. Kxc7 Bxb5+ 62. Kb6 Bd7) 61. Kb7 (61. Rxe4 Bf3 $11) 61... Bf3 {intending ...e3+.} 62. c6 Rg7 63. Kb8 ({Less strong is} 63. b6 cxb6+ 64. Kxb6 Rg6 $18) 63... Rf7 64. Kb7 Rg7 $1 65. Ka8 ({Not} 65. b6 cxb6+ 66. Kxb6 Rg8 $18) 65... Rg8+ {[#]} 66. Ka7 $1 Rg7 67. Kb7 ({Resist} 67. b6 cxb6+ 68. Kxb6 Rg8 $18) 67... Rf7 (67... Rh7 $142 68. b6 cxb6+ 69. Kxb6 Rf7) 68. Kb8 Rg7 69. Re8 Be2 70. Re5 Bf3 {[#]} 71. b6 $1 {[%mdl 512]} cxb6 72. c7 Bg4 (72... Rg8+ $142 73. c8=Q Rxc8+ 74. Kxc8 b5) 73. Rxe4 Rg8+ 74. Ka7 b5 75. Rb4 Bd7 76. Rd4 Be6 77. Rd8 {Strongly threatening Rxg8.} Rg7 78. Rb8 Bd7 79. Rd8 Be6 $1 80. Kb8 b4 81. c8=Q Bxc8 82. Kxc8 Rxg3 83. Bxg3+ {White mates.} Kxg3 {KR-KPP} 84. Kd7 Kxh4 85. Ke6 Kg4 86. Ke5 h4 87. Ke4 Kg3 88. Ke3 h3 89. Rg8+ Kh2 90. Kf2 b3 91. Rb8 {Precision: White = 71%, Black = 51%.} 1-0

[Event "10th Mumbai Mayors Cup 2017"]
[Site "Mumbai"]
[Date "2017.06.06"]
[Round "4"]
[White "Rahman, Ziaur"]
[Black "Om Kharola"]
[Result "1-0"]
[WhiteElo "2526"]
[BlackElo "1794"]
[Annotator "TA"]
[PlyCount "57"]
[EventDate "2017.06.04"]
[EventType "swiss"]
[EventCountry "IND"]
[SourceTitle "playchess.com"]
[Source "ChessBase"]
[SourceQuality "1"]

{[%evp 22,57,38,27,52,37,50,50,114,119,177,144,135,158,116,139,140,143,143,136,145,139,211,185,360,353,372,358,516,536,514,490,539,548,543,528,461,354]} 1. d4 d5 2. Bf4 e6 3. e3 Nf6 4. Nd2 Bd6 5. Bg3 O-O 6. Bd3 c5 7. c3 Nc6 8. Ngf3 Qe7 9. Ne5 Bxe5 10. dxe5 {D02: 1 d4 d5 2 Nf3 sidelines, including 2...Nf6 3 g3 and 2...Nf6 3 Bf4} Nd7 11. f4 f6 12. Nf3 {LiveBook: 4 Games. White is slightly better.} (12. Bh4 Qf7 13. exf6 Nxf6 14. O-O e5 15. Bxf6 gxf6 16. e4 Kh8 17. exd5 Qxd5 18. Be4 Qd6 19. Nc4 Qe7 20. Qh5 exf4 21. Rxf4 Ne5 22. Nxe5 {1-0 (22) Kramnik,V (2777)-Rasmussen,A (2498) Berlin 2015}) 12... c4 13. Bc2 fxe5 14. fxe5 g5 $146 (14... b6 $14) ({Predecessor:} 14... Nc5 15. Qb1 Nd3+ 16. Bxd3 cxd3 17. Qxd3 Bd7 {0-1 (51) Stefanova,A (2495)-Wells,P (2483) Pulvermuehle 2000}) 15. e4 {[%cal Be3e4,Be4d5][%mdl 32]} g4 (15... Nc5 $16) 16. Nd4 Ncxe5 17. Qe2 h5 18. O-O-O Nd3+ 19. Kb1 {Hoping for exd5.} N7c5 20. exd5 {[#] Black must now prevent b4.} e5 21. b4 {[%cal Bb2b4,Bb4c5][%mdl 32]} (21. Bxd3 $6 Nxd3 22. Rhf1 Bd7 $11) 21... Qg7 (21... Qe8 $16 {might work better.}) 22. Bxe5 $1 $18 ({Inferior is} 22. Bxd3 Nxd3 23. Ne6 Bxe6 $15) (22. bxc5 exd4 23. Bd6 Bd7 $16) 22... Nxe5 $2 (22... Qxe5 23. Qxe5 (23. bxc5 Qxe2 24. Nxe2 Nf2 $15) 23... Nxe5) 23. bxc5 Bd7 24. Rhe1 Rfe8 (24... Nd3 $142 25. Bxd3 cxd3 26. Qxd3 (26. Rxd3 Qg6 $18) 26... Rf2) 25. Ne6 {White is clearly winning.} Bxe6 26. Qxe5 Qxe5 27. Rxe5 Bf7 28. Rg5+ Kh8 29. Rf1 {Precision: White = 97%, Black = 24%.} 1-0

[Event "10th Mumbai Mayors Cup 2017"]
[Site "Mumbai"]
[Date "2017.06.06"]
[Round "4"]
[White "Grover, Sahaj"]
[Black "Raahul V S"]
[Result "1/2-1/2"]
[WhiteElo "2485"]
[BlackElo "2282"]
[Annotator "TA"]
[PlyCount "109"]
[EventDate "2017.06.04"]
[EventType "swiss"]
[EventCountry "IND"]
[SourceTitle "playchess.com"]
[Source "ChessBase"]
[SourceQuality "1"]

{[%evp 22,109,-9,-14,49,47,45,31,44,33,39,10,18,-14,-3,0,0,0,0,-1,0,-6,0,0,0,0,0,0,0,0,0,0,0,-36,-11,-16,-25,-15,-20,-22,0,0,0,0,42,34,42,18,30,19,21,16,21,25,25,8,91,88,112,68,66,49,66,16,16,0,0,0,0,0,20,20,8,0,0,0,415,0,0,0,0,0,0,0,0,0,0,0,0,0]} 1. e4 e6 2. d4 d5 3. Nc3 Nf6 4. e5 Nfd7 5. f4 c5 6. Nf3 Nc6 7. Be3 Be7 8. Qd2 a6 9. dxc5 Nxc5 {C11: French: Classical System: 4 e5 and 4 Bg5 dxe4} 10. O-O-O Qa5 11. Kb1 b5 12. Ne2 {[#] LiveBook: 3 Games. Threatens to win with Qxa5.} (12. h4 Bd7 13. g4 b4 14. Ne2 Ne4 15. Qe1 Rb8 16. Nc1 Nc3+ 17. bxc3 bxc3+ {1-0 (96) Najer,E (2679)-Korobov,A (2695) Poikovsky 2017}) 12... Ne4 $146 (12... Qxd2 $11 13. Nxd2 O-O) ({Predecessor:} 12... Qxd2 13. Rxd2 O-O 14. Ned4 Bd7 15. g4 Ne4 16. Re2 Nxd4 17. Bxd4 {1-0 (32) Eliseev,U (2548)-Iskusnyh,S (2482) Khanty-Mansiysk 2015}) 13. Qxa5 $14 Nxa5 14. Ng3 Bb7 15. Nxe4 $1 dxe4 16. Nd4 O-O-O 17. b3 Nc6 18. Be2 Nb4 {next ...Nd5 is good for Black.} 19. c4 bxc4 20. Bxc4 Nd5 21. Bxd5 Bxd5 22. f5 Kb7 23. Rhf1 Rhf8 24. g4 Rc8 25. Ne2 Bc5 26. Bxc5 Rxc5 27. f6 g5 28. Rc1 Rfc8 29. Kb2 Kb6 30. Rc3 Bc6 31. Rxc5 Kxc5 $11 {[%mdl 4096] Endgame KRB-KRN} 32. Rd1 h5 33. gxh5 Rh8 34. Ng3 {Hoping for Rd6.} e3 {[%cal Be4e3,Be3e2][%mdl 32] Threatening ...Bf3.} 35. Kc3 e2 36. b4+ Kb6 37. Re1 Bf3 $1 38. Kb3 g4 (38... a5 $11) 39. Kc4 $16 Rd8 40. Nxe2 Rd2 41. Kc3 Rxa2 42. h6 Bxe2 $11 {KRB-KR} 43. Kb3 Bc4+ 44. Kxc4 {[#] Black must now prevent h3.} Rxh2 {KR-KR} 45. Rg1 g3 46. Rxg3 {And now Rg7 would win.} Rh4+ 47. Kc3 {Strongly threatening Rg7.} (47. Kb3 $5 {[%cal Rg3g7]} Kc6 48. Rc3+ Kb6 49. Rd3 $16) 47... Rxh6 48. Rg7 Rh5 $2 {[%mdl 8192]} (48... Kc6 $11) 49. Kd4 $2 (49. Rxf7 $18 Rxe5 50. Re7) 49... Rh4+ {The position is equal.} 50. Ke3 Kc6 $1 51. Rxf7 Kd5 52. Rb7 {aiming for f7.} (52. Ra7 $5 {[%cal Rf6f7]} Kxe5 53. f7 $14 (53. Rxa6 Kxf6 54. Rb6 Ke5 $11)) 52... Kxe5 53. f7 Re4+ 54. Kd3 Rf4 55. b5 {Precision: White = 60%, Black = 68%.} 1/2-1/2

[Event "10th Mumbai Mayors Cup 2017"]
[Site "Mumbai"]
[Date "2017.06.06"]
[Round "4"]
[White "Deviatkin, Andrei"]
[Black "Mahindrakar Indrajeet"]
[Result "1/2-1/2"]
[WhiteElo "2481"]
[BlackElo "1977"]
[Annotator "TA"]
[PlyCount "88"]
[EventDate "2017.06.04"]
[EventType "swiss"]
[EventCountry "IND"]
[SourceTitle "playchess.com"]
[Source "ChessBase"]
[SourceQuality "1"]

{[%evp 17,88,60,47,34,70,68,57,64,68,55,83,44,53,43,56,39,76,39,40,39,44,37,50,48,48,41,29,27,25,28,47,44,41,36,34,10,48,39,34,35,38,-18,-21,-22,-11,-26,-26,-25,-26,-53,-50,-74,0,0,0,-42,-36,-42,-4,-103,-99,-117,-114,-218,-82,-71,-89,-75,-79,-66,-78,-146,-146]} 1. e4 Nf6 2. e5 Nd5 3. d4 d6 4. Nf3 Bg4 5. Be2 e6 6. h3 Bh5 7. O-O Be7 8. c4 Nb6 9. Nc3 O-O {LiveBook: 400 Games} 10. Re1 {B05: Alekhine's Defence: 4 Nf3 Bg4} (10. Be3 d5 11. cxd5 exd5 12. Ne1 Bxe2 13. Qxe2 c6 14. Nd3 Na6 15. Rae1 Nc7 16. Nf4 Qd7 17. Nh5 Rae8 18. Qf3 Kh8 19. Ne2 Nc4 {0-1 (38) Navara,D (2744)-Rapport,R (2731) Prague 2016}) 10... N8d7 11. exd6 cxd6 12. b3 {White is slightly better.} Rc8 13. Bb2 Re8 $146 ({Predecessor:} 13... Nf6 14. Nh4 Bxe2 15. Qxe2 Re8 16. Rad1 a5 17. Nf3 d5 18. Ne5 dxc4 19. bxc4 {1-0 (38) Royset,J-Jensen,S (2205) Tromsoe 1996}) 14. Qd2 Nf8 15. Rad1 Nbd7 16. Bc1 Nf6 17. Qb2 a6 18. Be3 Qc7 19. Rc1 b6 20. Red1 Qb7 21. d5 e5 22. g4 Bg6 23. Nh4 N6d7 24. Nf5 Bxf5 25. gxf5 Nf6 26. Bd3 N8d7 27. Qe2 Bf8 28. Qf3 b5 29. Ne4 (29. cxb5 $14 axb5 30. Qe2) 29... Nxe4 $11 30. Qxe4 Nf6 31. Qg2 bxc4 32. Bxc4 Qd7 33. a4 Ra8 $1 34. Qf1 Qxf5 ({Black should play} 34... Reb8 $1 $17) 35. Bxa6 e4 36. Bc4 Re5 37. Qg2 Qh5 {[%cal Rf6d5]} 38. Kh2 {[#]} (38. Re1 $11) 38... g6 $1 $17 39. Rd2 Bh6 {...Bxe3 is the strong threat.} 40. Be2 {[#]} (40. Rc3 $17) 40... Qh4 (40... Bxe3 $1 $19 41. fxe3 Qh6) 41. Qg3 Qxg3+ 42. Kxg3 Bxe3 43. fxe3 Nxd5 44. Kh2 ({White should try} 44. Rc6) 44... Rb8 {Precision: White = 31%, Black = 57%.} 1/2-1/2

[Event "10th Mumbai Mayors Cup 2017"]
[Site "Mumbai"]
[Date "2017.06.06"]
[Round "4"]
[White "Babujian, Levon"]
[Black "Krishnater Kushager"]
[Result "1-0"]
[WhiteElo "2438"]
[BlackElo "1953"]
[Annotator "TA"]
[PlyCount "45"]
[EventDate "2017.06.04"]
[EventType "swiss"]
[EventCountry "IND"]
[SourceTitle "playchess.com"]
[Source "ChessBase"]
[SourceQuality "1"]

{[%evp 24,45,47,40,41,28,39,24,39,18,88,29,24,35,22,0,0,0,38,35,43,12,203,196]} 1. d4 Nf6 2. c4 g6 3. Nc3 Bg7 4. Nf3 O-O 5. g3 d6 6. Bg2 Nc6 7. O-O a6 8. Bf4 Rb8 {E63: King's Indian: Fianchetto: Panno Variation with 7...a6} 9. Rc1 h6 (9... Bd7 10. Qd2 b5 11. Nd5 bxc4 12. Nxf6+ Bxf6 13. Rxc4 e5 14. dxe5 Nxe5 15. Nxe5 dxe5 {1-0 (47) Svidler,P (2727)-Jones,G (2623) Berlin 2015}) 10. h3 g5 11. Be3 g4 12. hxg4 Nxg4 13. Qd2 {LiveBook: 8 Games} Nxe3 14. Qxe3 e5 15. dxe5 Re8 {[%cal Rd6e5]} 16. c5 Nxe5 $146 {[#]} (16... dxe5 $11 17. Rfd1 Nd4) ({Predecessor:} 16... dxe5) 17. cxd6 (17. Rfd1 $1 $16) 17... Nxf3+ $11 18. Qxf3 Qxd6 19. Rfd1 $36 {[%mdl 2048] White is pushing.} (19. Ne4 $5 {[%cal Re4d6]} Qb6 20. b4 $11) 19... Qg6 20. Nd5 Bg4 21. Qa3 {Strongly threatening Ne7+.} Qd6 22. f3 {Qxd6 is the strong threat.} Be6 $2 {[#]} (22... Qxa3 $11 {and Black has nothing to worry.} 23. bxa3 c6) 23. Nf6+ $1 {[%mdl 512] Precision: White = 44%, Black = 49%.} 1-0

[Event "10th Mumbai Mayors Cup 2017"]
[Site "Mumbai"]
[Date "2017.06.06"]
[Round "4"]
[White "Murshed, Niaz"]
[Black "Badrinath, S."]
[Result "1-0"]
[WhiteElo "2423"]
[BlackElo "1977"]
[Annotator "TA"]
[PlyCount "81"]
[EventDate "2017.06.04"]
[EventType "swiss"]
[EventCountry "IND"]
[SourceTitle "playchess.com"]
[Source "ChessBase"]
[SourceQuality "1"]

{[%evp 20,81,33,43,51,39,60,54,62,59,70,71,91,84,113,110,110,110,107,110,113,108,175,167,246,236,236,239,245,234,228,240,221,153,168,163,173,172,160,120,145,131,153,80,110,116,110,129,119,102,189,162,154,123,389,393,385,392,403,385,687,672,1120,1109]} 1. Nf3 Nf6 2. c4 g6 3. b3 Bg7 4. Bb2 d6 5. g3 O-O 6. d4 a6 {E60: King's Indian: Unusual lines and Fianchetto Variation without Nc3} (6... e5 7. dxe5 Nfd7 8. Bg2 Nxe5 9. Qd2 Nbc6 10. O-O Bg4 11. Nxe5 Nxe5 12. Bd4 Qc8 13. f4 Nc6 14. Bxg7 Kxg7 15. Nc3 Ne7 16. e4 {½-½ (78) Nakamura,H (2793)-Caruana,F (2787) Saint Louis 2015}) 7. Bg2 Nc6 8. d5 Na5 9. Nbd2 c5 10. O-O b5 11. e4 {LiveBook: 5 Games} Rb8 12. Bc3 (12. e5 $5 {[%cal Re5f6]} Ng4 13. cxb5 $14) 12... Nd7 13. Bxg7 Kxg7 14. Qc2 Kg8 $146 ({Predecessor:} 14... Qc7 15. cxb5 axb5 {1-0 (44) Marta,D (1850)-Marosi,L (1932) Miskolc 2011}) 15. Qc3 f6 16. Ne1 Ne5 17. f4 Nf7 18. Nd3 Qc7 19. Rf2 bxc4 20. bxc4 Nh6 (20... Nb7 $16) 21. h3 $18 e5 (21... Nf7 {was necessary.} 22. Re1 Bb7) 22. dxe6 $1 Bxe6 {[#]} 23. f5 $1 {[%cal Rf5e6][%mdl 512]} Bf7 (23... gxf5 24. Nf4) 24. fxg6 Bxg6 {[#]} 25. Nf4 $1 {[%cal Rf4e6]} ({Don't play} 25. Rxf6 $6 Rxf6 26. Qxf6 Qg7 $16) 25... Nc6 26. Qe3 Nf7 {[%cal Bh6f7,Bf7g5,Bg5e6,Be6c7][%mdl 32]} 27. Ne6 Qe7 28. Nxf8 Rxf8 29. e5 Ncxe5 30. Bd5 Kg7 31. Kg2 ({White should try} 31. Raf1) 31... Ng5 32. h4 Ne6 {[#]} 33. Nf3 $1 Nc7 34. Nxe5 dxe5 (34... Nxd5 $16 {keeps fighting.} 35. cxd5 Qxe5 36. Qxe5 fxe5) 35. Rd1 $36 {[%mdl 2048] White has strong initiative.} Rd8 36. Rfd2 Kh8 $2 {[%mdl 8192]} (36... Nxd5 $16 {was called for.} 37. Rxd5 Rxd5 38. Rxd5 (38. cxd5 c4 $16) 38... Qb7) 37. Be4 Rxd2+ 38. Rxd2 f5 39. Bc6 f4 $2 (39... Qf6 40. Qxc5 Ne6) 40. gxf4 e4 41. Qc3+ {Precision: White = 84%, Black = 42%.} 1-0

[Event "10th Mumbai Mayors Cup 2017"]
[Site "Mumbai"]
[Date "2017.06.06"]
[Round "4"]
[White "Raghunandan, Kaumandur Srihari"]
[Black "Deepan Chakkravarthy, J.."]
[Result "0-1"]
[WhiteElo "2410"]
[BlackElo "2480"]
[Annotator "TA"]
[PlyCount "106"]
[EventDate "2017.06.04"]
[EventType "swiss"]
[EventCountry "IND"]
[SourceTitle "playchess.com"]
[Source "ChessBase"]
[SourceQuality "1"]

{[%evp 9,106,22,25,22,39,39,31,31,36,10,2,19,17,-4,38,35,37,20,35,30,16,25,14,21,47,-6,3,8,-3,-20,14,-51,-47,-116,-37,-47,-41,-27,-26,-34,-14,-18,68,3,3,0,0,-27,-12,-9,-15,-3,-21,-54,0,0,0,-16,-7,-16,-7,-64,-60,-96,-96,-96,-96,-96,-96,-96,0,-96,-96,-96,-96,-96,-96,-96,-96,-96,-96,-96,-96,-96,-96,-96,-96,-251,-88,-251,-251,-251,-251,-251,-251,-251,-251,-5114,-5097]} 1. d4 d6 2. Nf3 Nf6 3. c4 g6 4. Nc3 Bf5 5. Qb3 b6 6. g3 {E61: King's Indian: Early deviations for White, including Smyslov System} Bg7 7. Bg2 Nc6 8. Qd1 {White is slightly better.} O-O 9. Nh4 (9. d5 $5 {[%cal Rd5c6]} Na5 10. Nd4 $11) 9... Bd7 10. O-O Rb8 11. b3 Na5 $146 ({Predecessor:} 11... e5 12. d5 Ne7 13. e4 {½-½ (31) Brunner,N (2442)-Tkachiev,V (2660) Drancy 2016}) 12. Bb2 c5 13. Nf3 a6 14. Rc1 cxd4 15. Nxd4 b5 16. cxb5 axb5 17. e4 (17. Nc2 $14) 17... e6 {[%cal Be7e6,Be6e5][%mdl 32]} 18. Nc2 b4 19. Ne2 Bc6 20. Ne3 (20. Nf4 $11) 20... e5 $1 $15 21. Nc4 (21. g4 $15) 21... Nxc4 ({Better is} 21... Bxe4 $17 {White must now prevent ...Nxc4.} 22. Nxd6 Bxg2 23. Kxg2 Qe7) 22. Rxc4 Rb6 23. Qd2 Qa8 {[%cal Rf6e4]} 24. Qxd6 Ra6 {[%cal Rc6e4]} 25. Qxb4 ({Don't blunder} 25. Qxe5 $2 Nh5 $19) 25... Rb8 ({Black should play} 25... Rxa2 $11 26. Bxe5 Rxe2) 26. Qd2 (26. Qe1 $1 $14) 26... Nxe4 $11 27. Qc2 {[%cal Rg2e4]} Nxg3 $1 28. Rxc6 Rxc6 29. Bxc6 Nxe2+ 30. Qxe2 Qxc6 31. f4 Rb4 (31... e4 $15) 32. Bxe5 Bxe5 33. Qxe5 {[%mdl 4096] Endgame KQR-KQR} Re4 34. Qb2 Qe6 $36 {[%mdl 2048] Black is more active.} 35. Qf2 ({White should try} 35. Qg2 $11) 35... Re2 $1 $15 {[%cal Re2f2]} 36. Qg3 Qb6+ 37. Kh1 Rxa2 38. f5 Qc6+ 39. Kg1 Qb6+ 40. Kh1 Rb2 41. fxg6 hxg6 42. Qf3 Qxb3 43. Qxb3 Rxb3 $17 {KR-KR} 44. Kg2 Kg7 45. Ra1 Kh6 46. Ra7 f5 {[%cal Bf7f5,Bf5f4][%mdl 32]} 47. Ra6 Kh5 48. Rc6 $2 {[#]} (48. h3 $17 {keeps fighting.}) 48... g5 $2 (48... Rb2+ $1 $19 {has better winning chances.} 49. Kg3 g5) 49. Rc2 $2 (49. h3 $17) 49... Kg4 $19 50. Rc5 Rb2+ 51. Kg1 f4 52. Rc8 Re2 53. Rf8 $2 {[#]} (53. Rc4) 53... Kf3 {Precision: White = 41%, Black = 57%.} 0-1